000 00763cam a2200217 a 4500
001 000010523
005 20200929162237.0
008 821215s1925 sp 000 0 spa
035 _a(DLC) 25000838
040 _aDO-SdBNP
_bspa
_cCarP
_dDLC
_dBNPHU
082 _a813.54
_bB244c
100 1 _aBarclay, Florence L.
_q(Florence Louisa),
_d1862-1921.
_925528
245 1 3 _aLa castellana de Shenstone :
_bnovela /
_cFlorencia L. Barclay ; traducida del inglés Pablo M. de Salinas.
260 _aBarcelona :
_bSociedad general de publicaciones,
_c1925.
300 _a305 p., 1 l. ;
_c20 cm.
650 4 _aNovela inglesa
_91071
650 4 _aLiteratura inglesa
_9498
700 1 _aSalinas, Pablo M. de,
_etr.
_925529
910 _aCatalogación derivada
049 _aBNGR
999 _c10281
_d10281